| 000 | 00926nam a2200265 i 4500 | ||
|---|---|---|---|
| 003 | EG-ScBUE | ||
| 005 | 20231115153840.0 | ||
| 008 | 110712s1996 ua f 000 0 cara d | ||
| 017 | _a96 / 2495 | ||
| 020 | _a9775719003 | ||
| 040 |
_aEG-ScBUE _bara _erda _cEG-ScBUE _dEG-ScBUE |
||
| 082 | 0 | 4 |
_222 _a920.062 _bأ ع ل |
| 245 | 1 | 0 |
_aموسوعة أعلام مصر في القرن العشرين / _cرئيس التحرير مصطفى نجيب. |
| 250 | _aالطبعة الأولى. | ||
| 264 | 1 |
_aالقاهرة : _bموسوعة وكالة أنباء الشرق الأوسط، _c1996. |
|
| 300 |
_a516 صحة ؛ _c29 سم |
||
| 336 |
_2rdacontent _aنص _btxt |
||
| 337 |
_aبدون وسيط _2rdamedia _bn |
||
| 338 |
_aمجلد _bnc _2rdacarrier |
||
| 651 | 7 |
_921746 _aمصر _xتراجم. _2BUEsh |
|
| 653 | _cJuly2011 | ||
| 655 | _vReading book | ||
| 700 | 1 |
_926273 _aنجيب، مصطفى، _eمحرر. |
|
| 942 |
_2ddc _cBB |
||
| 999 |
_c15680 _d15680 |
||